Culture Générale - Série 986 - Statistiques

Statistiques générales
  • Ce quiz a été pris 112 fois
  • Le résultat moyen est 4 sur 10
Statistiques - réponses
Question Réponse % Correct
Selon l'expression, quand on retient quelqu'un avec un discours interminable, quelle partie du corps lui tient-on ? jambe
74%
Quel nom donne-t-on au matelas d'origine japonaise constitué de couches de coton ? futon
69%
Quel poêle à combustion lente, qui se place dans les cheminées, porte le nom d'un petit amphibien à qui l'on prêtait, au Moyen Âge, la faculté de vivre dans le feu ? salamandre
65%
Dans quel pays se trouve la ville d'Ispahan ? Iran
63%
Quel mot latin, signifiant "ainsi", met-on entre parenthèses après une phrase, pour indiquer que l'on cite textuellement des propos, aussi étranges qu'ils paraissent? sic
56%
Quel nom porte le message par lequel l'ange Gabriel indique à Marie qu'elle va être mère ? Annonciation
43%
Qu'est-ce qu'une thonine ? poisson
28%
Qu'appelle-t-on familièrement "la croix des braves" ? Légion d'Honneur
14%
Poisson marin du golfe de Gascogne et de la Méditerranée, voisin du barracuda mais plus petit, parfois appelé brochet de mer. spet
5%
Dans quelle ville est né Charles de Beaumont, chevalier d'Eon ? Tonnerre
5%
Aucun quiz correspondant
Distribution des résultats
% des personnes avec chaque résultat
Percentile par nombre de réponses
Votre historique - résultats
Vous n’avez pas pris ce quiz